000 00824nam a2200253Ia 4500
003 OSt
005 20220928115654.0
006 a|||||r|||| 00| 0
007 ta
008 220927b |||||||| |||| 00| 0 eng d
020 _c6317.1885000000002
024 _a106630
037 _b499, 01/02/2010, Pioneer Book Distributors
_cTextual
040 _aSDCL
_cSDCL
_beng
041 _2eng
_aeng
082 _aXM8:8, P9
100 _aMcGee Robert W Ed.
_9445468
245 0 _aCorporate governance in developing economies
_b Country studies of Africa , Asia and Latin America
260 _aNew York
_b Springer
_c2009
300 _axi,302p
_ccm.
650 _aCommerce
_9353036
942 _hXM8:8, P9
_cTEXL
_2CC
999 _c760407
_d760407